Statistics for Who Said It? Squidward or Kanye West?

Click here to take the quiz!

General Stats

  • This quiz has been taken 185 times
  • The average score is 15 of 20

Answer Stats

QuestionAnswer% Correct
''I feel like I'm too busy writing history to read it.''Kanye West
90%
''I still think I am the greatest.''Kanye West
88%
''If I had a dollar for every brain you don't have I'd have one dollar.''Squidward
87%
''Nobody can tell me where I can and can't go.''Kanye West
83%
''We came into a broken world. And we're the cleanup crew.''Kanye West
83%
''I hate all of you.''Squidward
83%
''Okay, new theory. Maybe we should play so quietly, no one can hear us.''Squidward
83%
''Hello. You've reached the house of unrecognized talent.''Squidward
83%
''Our work is never over.''Kanye West
82%
''I would never want a book's autograph. I am a proud non-reader of books.''Kanye West
81%
''Nothing in life is promised except death.''Kanye West
78%
''I wonder if a fall from this height would be enough to kill me.''Squidward
78%
''When I die, you stay away from my funeral.''Squidward
77%
''I have no soul.''Squidward
73%
''I don't use blue. I don't like it. It bugs me out. I hate it.''Kanye West
72%
''Too bad that didn't kill me.''Squidward
70%
''Art is to be free. Design is to fix.''Kanye West
66%
''Future! Future!''Squidward
52%
''I love sleep; it's my favorite.''Kanye West
51%
''You can't fool me I listen to public radio.''Squidward
50%

Score Distribution

Percentile by Number Answered

Percent of People with Each Score

Your Score History

You have not taken this quiz